000 00337nam a22001337a 4500
999 _c14833
_d14833
020 _a9788183601573
082 _a630.1
_bRAM/GE
245 _aGeneral studies for ARS and other competitive examinations
250 _a13th
260 _aNew Delhi
_bJain Brothers
_c2016
300 _a276p
700 _aRamana Rao, K.V
_92053
942 _cBK